Sports Quiz

Random Sports Quiz
Score 0/10 Timer 05:00
0 Plays Today
Hint Answer % Correct
Which Argentinian striker played a controversial role in keeping West Ham United in the Premier League in 2006/07?Carlos Tevez
100%
In 2014/15, Leicester City became just the third Premier League side to be bottom at Christmas and avoid relegation. Name the other two.West Bromwich Albion, Sunderland
50%
What was the name of the on-loan goalkeeper who scored an injury time winner to keep Carlisle United in the Football League in 1998/99?Jimmy Glass
50%
Fulham won four of their final five games in 2007/08 to stay up on goal difference. Who was their manager?Roy Hodgson
50%
Which former Wigan Athletic player managed the club to safety in 2011/12? They took 21 points in their final nine games!Roberto Martinez
50%
Torquay United avoided relegation from the Football League in 1986/87 with a goal in injury time, but an incident with what animal led to the injury time being added?Dog
50%
Who was the Yugoslavian substitute who scored to keep Luton Town up and relegate Manchester City from the First Division in 1982/83?Radomir Antic
0%
In 1992/93 Oldham Athletic beat Aston Villa, Liverpool & Southampton to stay in the Premier League on goal difference. Which team were relegated instead?Crystal Palace
0%
Which club were re-elected to the Football League the most times?Hartlepool United
0%
Which club was relegated following Coventry City’s great escape in 1984/85? They’d won the Milk Cup earlier that season...Norwich City
0%
Remove Ads.
Support Sporcle.
Get the best of Sporcle when you Go Orange. This ad-free experience offers more features, more stats, and more fun while also helping to support Sporcle. Thank you for becoming a member.

You're not logged in!

Compare scores with friends on all Sporcle quizzes.
OR
Log In

Sporcle TV

Today on Sporcle TV


Watch our educational content, quiz creation guides, and fun videos on Sporcle TV.

Show Comments

Extras

Created May 12, 2020ReportNominate
Tags:escape, Memory, score, Week

Top Quizzes Today


Score Distribution

Paid Content

Your Account Isn't Verified!

In order to create a playlist on Sporcle, you need to verify the email address you used during registration. Go to your Sporcle Settings to finish the process.

Report this User

Report this user for behavior that violates our Community Guidelines.

Details: